[Event "ROM-ch U10"]
[Site "Calimanesti Caciulata"]
[Date "2019.04.19"]
[Round "6"]
[White "Grigore, Matei"]
[Black "Sababei, Marius Ionut"]
[Result "1-0"]
[WhiteElo "1292"]
[BlackElo "1241"]
[PlyCount "129"]
[EventDate "2019.04.15"]
[EventType "swiss"]
[EventRounds "9"]
[EventCountry "ROU"]
[SourceTitle "CBM 190 Extra"]
[Source "ChessBase"]
[SourceDate "2019.07.15"]
[SourceVersion "1"]
[SourceVersionDate "2019.07.15"]
[SourceQuality "1"]

1. d4 f5 2. c4 e6 3. Nc3 Nf6 4. g3 Be7 5. Bg2 0-0 6. Nf3 Nc6 7. 0-0 a5 8. b3 Ne4 9. Bb2 d5 10. e3 Bb4 11. Nb5 Be7 12. a3 Bd7 13. Nd2 Rc8 14. f3 Nd6 15. Nxd6 Bxd6 16. e4 dxe4 17. fxe4 Qg5 18. Qe1 Rb8 19. e5 Be7 20. Nf3 Qg6 21. Bc3 b6 22. Qd2 Qg4 23. Qf4 Qxf4 24. gxf4 b5 25. d5 exd5 26. cxd5 Bc5+ 27. Kh1 Ne7 28. Bd4 Bxd4 29. Nxd4 Ng6 30. Rac1 Rbc8 31. e6 Be8 32. d6 Rd8 33. dxc7 Rxd4 34. c8Q Rd6 35. e7 Nxe7 36. Qc5 Re6 37. Bd5 Nxd5 38. Qxd5 Bf7 39. Qxb5 Rg6 40. Rg1 Rd6 41. Rcd1 Rf6 42. Rg3 Bh5 43. Rd2 Be8 44. Qxa5 Re6 45. Kg1 Re4 46. Qc3 Re7 47. b4 Re1+ 48. Kf2 Re7 49. Re2 Ref7 50. Qe5 Bd7 51. b5 Bc8 52. a4 Bb7 53. a5 Be4 54. b6 Kh8 55. a6 Ba8 56. Rc2 Be4 57. Rc7 Kg8 58. b7 h6 59. Rxf7 Rxf7 60. Qe8+ Rf8 61. Qxf8+ Kxf8 62. b8Q+ Kf7 63. Qc7+ Kf6 64. Rxg7 Ke6 65. Qe5# 1-0

[Event "ROM-ch U10"]
[Site "Calimanesti Caciulata"]
[Date "2019.04.15"]
[Round "1"]
[White "Cirstian, David Stefan"]
[Black "Sababei, Marius Ionut"]
[Result "0-1"]
[WhiteElo "1125"]
[BlackElo "1241"]
[PlyCount "67"]
[EventDate "2019.04.15"]
[EventType "swiss"]
[EventRounds "9"]
[EventCountry "ROU"]
[SourceTitle "CBM 190 Extra"]
[Source "ChessBase"]
[SourceDate "2019.07.15"]
[SourceVersion "1"]
[SourceVersionDate "2019.07.15"]
[SourceQuality "1"]

1. e4 e6 2. d4 d5 3. Nd2 dxe4 4. Nxe4 Nc6 5. Nf3 Be7 6. Be3 Nf6 7. Nxf6+ Bxf6 8. Be2 0-0 9. 0-0 b6 10. c3 Bb7 11. Qc2 Qe7 12. Bd3 h6 13. Rfe1 Rfd8 14. Bf4 Rd7 15. Ne5 Nxe5 16. Re2 Nxd3 17. Qxd3 c5 18. Qg3 Bg5 19. dxc5 Bxf4 20. Qxf4 Qxc5 21. Re3 Rad8 22. h3 Qc6 23. Rg3 Kh7 24. Qg4 Rg8 25. b4 Qe4 26. Qxe4+ Bxe4 27. Kf1 Rd3 28. Rxd3 Bxd3+ 29. Ke1 Rd8 30. Rd1 Rd5 31. f3 Bc4 32. Rxd5 Bxd5 33. a3 Kg6 34. Ke2 0-1

[Event "ROM-ch U10"]
[Site "Calimanesti"]
[Date "2018.03.28"]
[Round "2"]
[White "Antohi, Bogdan"]
[Black "Sababei, Marius Ionut"]
[Result "0-1"]
[WhiteElo "1028"]
[BlackElo "1069"]
[PlyCount "35"]
[EventDate "2018.03.27"]
[EventType "swiss"]
[EventRounds "9"]
[EventCountry "ROU"]
[SourceTitle "CBM 183 Extra"]
[Source "ChessBase"]
[SourceDate "2018.04.19"]
[SourceVersion "1"]
[SourceVersionDate "2018.04.19"]
[SourceQuality "1"]

1. e4 e6 2. d4 d5 3. exd5 exd5 4. Bd3 Bd6 5. Qf3 Nc6 6. c3 Nf6 7. Bg5 Be6 8. Nd2 0-0 9. Ne2 Re8 10. 0-0 Bg4 11. Qxg4 Nxg4 12. Bxd8 Raxd8 13. g3 Nf6 14. f3 h6 15. Rfe1 Re7 16. Kf1 Kf8 17. Rad1 h5 18. Nf4 0-1

[Event "ROM-ch U08"]
[Site "Baile Felix"]
[Date "2017.02.08"]
[Round "8"]
[White "Sababei, Marius Ionut"]
[Black "Iordache, Matei Stefan"]
[Result "0-1"]
[WhiteElo "1163"]
[BlackElo "1088"]
[PlyCount "62"]
[EventDate "2017.02.02"]
[EventType "swiss"]
[EventRounds "9"]
[EventCountry "ROU"]
[SourceTitle "CBM 176 Extra"]
[Source "ChessBase"]
[SourceDate "2017.03.02"]
[SourceVersion "1"]
[SourceVersionDate "2017.03.02"]
[SourceQuality "1"]

1. Nf3 Nc6 2. d4 d5 3. Bf4 Nf6 4. Ne5 Nxe5 5. dxe5 Ne4 6. e3 Bd7 7. Bd3 e6 8. Nd2 Bc6 9. c4 Nxd2 10. Qxd2 a5 11. cxd5 Bb4 12. Qxb4 axb4 13. e4 exd5 14. 0-0 dxe4 15. Be2 0-0 16. Rad1 Qe7 17. Rfe1 Rxa2 18. Rb1 Qh4 19. Bg3 Qe7 20. Bc4 Raa8 21. h3 Rfe8 22. Rbc1 Bd5 23. Be2 h6 24. Kh1 Qg5 25. h4 Qg6 26. Rxc7 e3 27. f3 Qxg3 28. Rcc1 Qxh4+ 29. Kg1 Rac8 30. Ra1 Rc2 31. Rab1 Qg5 0-1